000 00451nam a22001457a 4500
005 20240809163716.0
008 240809b |||||||| |||| 00| 0 eng d
041 _aeng
082 _bMAN
100 _aMankar Shruti -2K221108 & Dr. Prashant Mamarde-Guide
_9208196
245 _aA Study of Wealth Management Strategies for an Individual with respect to Vibgyor Advisors Pvt. Ltd.
260 _aPune
_bSPPU
_cMarch-2024
300 _a51p
942 _cPR
999 _c359435
_d359435